000 00768nam a2200241 i 4500
003 DO-SdBNP
005 20240909091026.0
007 ta
008 240909s1962 cu 000 j spa d
040 _aDO-SdBNP
_bspa
_cBNPHU
_erda
082 _bG633R
_222
100 1 _aRodríguez Rodríguez, Amalia
_911765
_eautor
245 1 0 _aAlgunos documentos políticos de Máximo Gómez /
_cAmalia Rodríguez Rodríguez
264 1 _aLa Habana, Cuba :
_bBiblioteca Nacional José Martí,
_c1962.
300 _a51 páginas,
_c23 cm.
336 _2rdacontent
_atexto
_btxt
337 _2rdamedia
_asin mediación
_bn
338 _2rdacarrier
_avolumen
_bnc
504 _aBibliografía p: 49-51.
590 _aInventariado, 2024/ YL
910 _aYLockward
942 _2ddc
_cLBS1
999 _c57649
_d57649